MARC

LEADER 00000nam0a2200000 4500
001 141504
005 20231031142446.0
010 |a 5881111567 
029 1 0 |a RU  |b 40-103-98  |c СП 
035 |a (RuTPU)RU\TPU\book\153395 
035 |a RU\TPU\book\57241 
090 |a 141504 
100 |a 20080820d1999 km y0rusy50 ca 
101 0 |a rus 
102 |a RU 
105 |a a bl 000zy 
200 1 |a Проектирование и монтаж трубопроводов систем холодного и горячего внутреннего водоснабжения с использованием металлополимерных труб. СП 40-103-98 
205 |a Изд. официальное 
210 |a Москва  |c Госстрой России  |d 1999 
215 |a 11 с.  |c ил. 
225 1 |a Система нормативных документов в строительстве 
225 1 |a Свод правил по проектированию и строительству 
229 |a Одобрен для применения Госстроем России, письмо № 13-362 от 26.06.98 
610 1 |a строительство 
610 1 |a свод правил 
610 1 |a СП 
610 1 |a проектирование 
610 1 |a монтаж 
610 1 |a трубопроводы 
610 1 |a холодное водоснабжение 
610 1 |a горячее водоснабжение 
610 1 |a водоснабжение 
610 1 |a металлополимерные трубы 
610 1 |a эксплуатация 
610 1 |a транспортирование 
610 1 |a техника безопасности 
675 |a 628.14(083)  |v 3 
801 1 |a RU  |b 63413507  |c 20030819  |g PSBO 
801 2 |a RU  |b 63413507  |c 20221207  |g PSBO 
942 |c BK